000 00308nam a22001337a 4500
008 260323b ||||| |||| 00| 0 eng d
020 _a003-800070999246
041 _ashqip
080 _a821.13
100 _a25
101 _aPërrallëza
245 _aShigjeta e Kaltër
_cGianni Rodari
942 _2udc
_cBK
999 _c60915
_d60915